000 01231nam a2200349 c 4500
003 BLK
005 20250604101913.0
008 180411b bul|||||r ||||||| ||bul||
010 _aKNG00184256000
020 _a978-619-157-131-4
_bиздат.: Ибис
040 _aBLK
041 _aBUL
_cBUL
072 7 _2bullib
_aН8300
_xРомантична проза Н
080 _aАмериканска литература (на САЩ)
_b821.111(73)
_x-31
_z821.111(73)-31
100 1 _aАшли, Кристен
_eпърви автор
_9340267
700 1 _aПаунова, Вера
_eпрев.
_9371372
139 _aАшли, Кристен
_bА 98
245 1 0 _aЗавещанието
_bРоман
_cКристен Ашли; прев. Вера Паунова.
257 _aUSA
260 София
_bИбис
_c2015
_fСофия : Симолини
300 _a609 с.
_c21 см
380 _aX
500 _aЗа авторката.
653 _aромани
659 _aН
852 _aЦб 277764
856 4 _qpdf
_u
856 4 _qpdf
_u
942 _cKNG
_n0
_090
944 _aCR
_c29.10.2015
_lЦветелина Шанова
_k30531
944 _aED
_c17.08.2016
_lф /
_kГеновева_Генчева
999 _c175662
_d175662